Quiz sur le Cher - Statistiques

Statistiques générales
  • Ce quiz a été pris 225 fois
  • Le résultat moyen est 15 sur 20
Statistiques - réponses
Question Réponse % Correct
Numéro du département 18
100%
Préfecture et plus grande ville Bourges
99%
Région Centre-Val-de-Loire
99%
Saison célébrée pendant un festival de musique reconnu du département. Printemps
94%
Loiret
93%
Loir-et-Cher
90%
Indre
87%
Nièvre
85%
La commune de Sancerre est connue pour le crottin de Chavignol mais également pour cette boisson. Vin
84%
Départements limitrophes Allier
82%
Vierzon
82%
Édifice de la préfecture dédié à Saint-Etienne et inscrit au patrimoine mondial de l'Unesco. Cathédrale
77%
Celle de Noirlac a été fondée en 1136. Abbaye
76%
Ancienne province qui constitue la majorité du territoire du Cher. Berry
74%
Creuse
68%
Gentilé Chérien / Berrichon
62%
Nombre d'habitants (arrondi à la dizaine de milliers d'habitants) 304 256 (300 000)
57%
Sous-préfectures Saint-Amand-Montrond
52%
Saint-Palais est l'endroit de France continentale situé le plus loin de ses ... . Limites
42%
Le père de ce roi légendaire serait né dans le Cher. Roi Arthur
32%
Aucun quiz correspondant
Distribution des résultats
% des personnes avec chaque résultat
Percentile par nombre de réponses
Votre historique - résultats
Vous n’avez pas pris ce quiz